000 00459nam a22001577a 4500
003 OSt
005 20211115093044.0
008 211115b |||||||| |||| 00| 0 eng d
020 _a9780375429835
040 _chu
082 _a378.1662
245 _aCracking the SAT
_c Adam Robinson; John Katzman; Princeton Review (Firm)
260 _a New York :
_b Random House,
_c2010
300 _a vii, 661 pages : illustrations ;
_bpc
_c 28 cm
942 _2ddc
_cBOOKS
_n0
999 _c18123
_d18123